Rocky Flats National Wildlife Refuge : final comprehensive conservation plan and environmental impact statement /

Bibliographic Details
Corporate Authors: ERO Resources Corp (Author), Shapins Associates (Author)
Format: Government Document eBook
Language:English
Published: Commerce City, CO : U.S. Fish & Wildlife Service, [2004]
Subjects:
Online Access:https://purl.fdlp.gov/GPO/gpo65852

MARC

Tag First Indicator Second Indicator Subfields
LEADER 00000cam a2200000 i 4500
001 in00003776821
005 20211120173951.0
006 m o d f
007 cr cn|||||||||
008 160307s2004 couab ob f001 0 eng c
035 |a (OCoLC)ocn944043478 
040 |a GPO  |b eng  |e rda  |e pn  |c GPO  |d MvI  |d UtOrBLW 
042 |a pcc 
043 |a n-us-co 
049 |a WWW 
074 |a 0612-C-01 (online) 
086 0 |a I 49.44/3-2:R 59/2 
110 2 |a ERO Resources Corp.,  |e author.  |0 http://id.loc.gov/authorities/names/n2004009100 
245 1 0 |a Rocky Flats National Wildlife Refuge :  |b final comprehensive conservation plan and environmental impact statement /  |c prepared for U.S. Fish & Wildlife Service, Rocky Flats National Wildlife Refuge ; prepared by ERO Resources Corp. and Shapins Associates. 
264 1 |a Commerce City, CO :  |b U.S. Fish & Wildlife Service,  |c [2004] 
300 |a 1 online resource (582 unnumbered pages) :  |b illustrations (some color), maps (some color) 
336 |a text  |b txt  |2 rdacontent 
337 |a computer  |b c  |2 rdamedia 
338 |a online resource  |b cr  |2 rdacarrier 
500 |a Title from title screen (viewed on Mar. 7, 2016). 
500 |a "September 2004." 
504 |a Includes bibliographical references and index. 
505 0 |a [1] Final comprehensive conservation plan and environmental impact statement -- [2] Comments and responses on the draft environmental impact statement; Appendix H to the Final comprehensive conservation plan and environmental impact statement. 
650 0 |a Nature conservation  |z Colorado  |z Rocky Flats National Wildlife Refuge. 
650 0 |a Environmental impact statements  |z Colorado  |z Rocky Flats National Wildlife Refuge. 
651 0 |a Rocky Flats National Wildlife Refuge (Colo.)  |0 http://id.loc.gov/authorities/subjects/sh2003006677 
710 2 |a U.S. Fish and Wildlife Service,  |e issuing body.  |0 http://id.loc.gov/authorities/names/n79006435 
710 2 |a Shapins Associates,  |e author.  |0 http://id.loc.gov/authorities/names/no2002092629 
776 0 8 |i Print version:  |t Rocky Flats National Wildlife Refuge : final comprehensive conservation plan and environmental impact statement.  |w (DLC) 2004483231  |w (OCoLC)58478598 
856 4 0 |u https://purl.fdlp.gov/GPO/gpo65852  |t 0 
999 f f |s a812e45f-5869-385c-98bc-39a521950a50  |i 440d6371-db5c-346d-9800-543f5c2d414d  |t 0 
952 f f |a Texas A&M University  |b College Station  |c Electronic Resources  |d Available Online  |t 0  |e I 49.44/3-2:R 59/2  |h Superintendent of Documents classification 
998 f f |a I 49.44/3-2:R 59/2  |t 0  |l Available Online